000 02149nam a22002535a 4500
003 OSt
005 20170115104538.0
008 170114s2015 ua a fr 000 0 ara d
040 _aEG-ScBUE
_bara
_cEG-ScBUE
043 _af-ua---
082 0 4 _a624.15130962
_bك و د
_222
110 1 _aمصر.
_bوزارة الإسكان والمرافق والمجتمعات العمرانية.
_bالمركز القومي لبحوث الإسكان والبناء.
245 1 2 _aالكود المصري لميكانيكا التربة وتصميم وتنفيذ الأساسات :
_bكود رقم 202 - 2001، 2005 /
_cالمركز القومي لبحوث الإسكان والبناء، وزارة الإسكان والمرافق والمجتمعات العمرانية ؛ اللجنة الدائمة للإعداد الكود المصري.
260 _aالقاهرة :
_bوزارة الإسكان والمرافق والمجتمعات العمرانية، المركز القومي لبحوث الإسكان والبناء،
_c2015.
300 _aمج. <1، 2، 3، 5، 6، 7، 8، 9، 10، 20> :
_bإيض. ؛
_c28 سم.
505 1 _aمج. 1. 202 / 1 : دراسة الموقع -- مج. 2. 202 / 2 : الاختبارات المعملية -- مج. 3. 202 / 3 : الأساسات الضحلة -- مج. 5. 202 / 5 : الأساسات على التربة ذات المشاكل -- مج. 6. 202 / 6 : الأساسات المعرضة للاهتزازات والأحمال الديناميكية -- مج. 7. 202 / 7 : المنشآت الساندة -- مج. 8. 202 / 8 : ثبات الميول -- مج. 9. 202 / 9 : الأعمال الترابية ونزح المياه -- مج. 10. 202 / 2 :التأسيس على الصخر -- مج. 20. 202 / 20 : المصطلحات الفنية لميكانيكا التربة والأساسات.
650 7 _aهندسة التربة
_zمصر.
_2BUEsh
650 7 _aالجيولوجيا الهندسية
_zمصر.
_2BUEsh
650 7 _aميكانيكا التربة
_zمصر.
_2BUEsh
651 _2BUEsh
653 _bENGARC
_cJanuary2017
710 2 _aاللجنة الدائمة للإعداد الكود المصري.
942 _2ddc
999 _c23923
_d23895